Conservative care in the treatment of chronic kidney failure (notice n° 1613534)
[ vue normale ]
| 000 -LEADER | |
|---|---|
| fixed length control field | 01493cam a2200169 4500500 |
| 005 - DATE AND TIME OF LATEST TRANSACTION | |
| control field | 20260111052914.0 |
| 041 ## - LANGUAGE CODE | |
| Language code of text/sound track or separate title | fre |
| 042 ## - AUTHENTICATION CODE | |
| Authentication code | dc |
| 100 10 - MAIN ENTRY--PERSONAL NAME | |
| Personal name | Hamroun, Aghilès |
| Relator term | author |
| 245 00 - TITLE STATEMENT | |
| Title | Conservative care in the treatment of chronic kidney failure |
| 260 ## - PUBLICATION, DISTRIBUTION, ETC. | |
| Date of publication, distribution, etc. | 2023.<br/> |
| 500 ## - GENERAL NOTE | |
| General note | 62 |
| 520 ## - SUMMARY, ETC. | |
| Summary, etc. | Comprehensive “conservative care” is defined as any active therapeutic procedure for the management of stage 5 chronic kidney disease without recourse to dialysis. This therapeutic option is discussed in the case of older, frail patients whose anticipated life expectancy is reduced with dialysis. The decision for conservative management primarily relies on an informed choice by the patient and their caregivers. This holistic approach, focused on quality of life, requires a multidisciplinary approach. The goals are to slow the progression of kidney disease, prevent complications, anticipate the risks of decompensation, and provide support for the patient and their caregivers in order to maintain the best possible quality of life at home. This article describes the principles of conservative management, highlights various barriers to this care pathway, and proposes potential solutions. |
| 700 10 - ADDED ENTRY--PERSONAL NAME | |
| Personal name | Glowacki, François |
| Relator term | author |
| 786 0# - DATA SOURCE ENTRY | |
| Note | Néphrologie & Thérapeutique | Volume 19 | Suppl. Issue 1 | 2023-09-26 | p. 21-29 | 1769-7255 |
| 856 41 - ELECTRONIC LOCATION AND ACCESS | |
| Uniform Resource Identifier | <a href="https://stm.cairn.info/journal-nephrologie-et-therapeutique-2024-HS1-page-21?lang=en&redirect-ssocas=7080">https://stm.cairn.info/journal-nephrologie-et-therapeutique-2024-HS1-page-21?lang=en&redirect-ssocas=7080</a> |
Pas d'exemplaire disponible.




Réseaux sociaux